1668 1091 1036 1436 1194 1895 1206 1306 1142 1910 1009 1659 1465 1616 1486 1980 1861 1407 1333 1122 1334 1018 1194 1088 1429 1249 1358 1266 1829 1426 1019 1469 1476 1776 1719 1337 1915 1594 1680 1446 1681 1547 1605 1863 1695 1748 1695 1594 1092 1981 1267 1865 1674 1291 1141 1462 1434 1862 1821 1471 1013 1229 1435 1880 1192 1338 1178 1643 1661 1205 1672 1625 1675 1143 1210 1011 1834 1932 1063 1795 1672 1717 1335 1703 1292 1800 1575 1069 1910 1746 1828 1343 1998 1929 1086 1317 1857 1609 1392 BCNSPRNW ULIB Ver.6.0+V

เปลี่ยนเป็นภาษาไทย

Change to English
 แสดงรายละเอียดบรรณานุกรม
  กลับหน้าหลัก

Brief Record : Get Marc (ISO 2709) : E-mail record : QR code < ปิดหน้าต่าง
LEADER : 00000nam 2200000 a 4500
001    13399114796
003     ULIB
008    120206s2553 th a 000 0 tha d
020    ^a9786167261041
060 04 ^aWA540.JT3^bน297ต
100 0  ^aนวพร เรืองสกุล
245 10 ^aไต้หวัน :^bการประกันสุขภาพและงานจิตอาสา /^cนวพร เรืองสกุล
250    ^aพิมพ์รวมเล่มครั้งที่ 2
260    ^aกรุงเทพฯ :^bสำนักงานหลักประกันสุขภาพแห่งชาติ,^c2553
300    ^a112 หน้า :^bภาพประกอบ ;^c21 ซม.
500    ^aSend to Single Search
650  4 ^aบริการทางการแพทย์^zไต้หวัน
650  4 ^aประกันสุขภาพแห่งชาติ^zไต้หวัน
650  4 ^aประกันสุขภาพ^zไต้หวัน
650  4 ^aอาสาสมัครบริการทางการแพทย์^zไต้หวัน
710 2  ^aสำนักงานหลักประกันสุขภาพแห่งชาติ
945    ^p0^l0^i031779
945    ^p0^l0^i031780
995    ^a เกษร
999 ^a ใช้งานได้ทุกระบบ
รายการนี้ยังไม่มีแท็ก
คุณยังไม่ได้ล็อกอิน คุณสามารถมีกิจกรรมร่วมกับเว็บไซต์ได้ แต่ต้องล็อกอินก่อน ::
  ล็อกอิน

รายการสื่อสารสนเทศ

ลำดับที่ ประเภท เลขเรียก/บาร์โค้ด สถานที่ สถานะ
1. วิทยาศาสตร์การแพทย์ และสุขภาพ
วิทยาศาสตร์การแพทย์ และสุขภาพ
WA540.JT3 น297ต ฉ.2 
  Barcode: 031780
ห้องสมุดวิทยาเขตสวรรค์ประชารักษ์
►ส่วนจัดเก็บหนังสือเก่า สปร
บนชั้น
  ขอยืม

รายการใกล้เคียง
    ผู้แต่ง [นวพร เรืองสกุล]

BibComment


ยังไม่เคยถูกคอมเมนท์

คอมเมนท์ทรัพยากรรายการนี้
  คอมเมนท์: ไต้หวัน การประก..


 Copyright 2026. Bcnsprnw @Library